Media and society: critical perspectives. / (Record no. 2572)
[ view plain ]
| 000 -LEADER | |
|---|---|
| fixed length control field | 01638nam a22001817a 4500 |
| 008 - FIXED-LENGTH DATA ELEMENTS--GENERAL INFORMATION | |
| fixed length control field | 121122t xxu||||| |||| 00| 0 eng d |
| 020 ## - INTERNATIONAL STANDARD BOOK NUMBER | |
| International Standard Book Number | 0335208800 |
| 050 ## - LIBRARY OF CONGRESS CALL NUMBER | |
| Classification number | HM1206.B87 |
| 100 ## - MAIN ENTRY--PERSONAL NAME | |
| Personal name | Burton, Graeme |
| 245 ## - TITLE STATEMENT | |
| Title | Media and society: critical perspectives. / |
| Statement of responsibility, etc. | Graeme Burton |
| 260 ## - PUBLICATION, DISTRIBUTION, ETC. | |
| Place of publication, distribution, etc. | England: |
| Name of publisher, distributor, etc. | Open University Press, |
| Date of publication, distribution, etc. | c2005. |
| 300 ## - PHYSICAL DESCRIPTION | |
| Extent | 378 p.: |
| Other physical details | ill.; |
| Dimensions | 25cm. |
| 500 ## - GENERAL NOTE | |
| General note | Includes index |
| 505 ## - FORMATTED CONTENTS NOTE | |
| Formatted contents note | Contents: Media institutions: Key areas and their implications for understanding media -- Media texts: Features and deconstructions -- Audiences and effects: defining audiences and exploring their relationship with texts -- The Media and violence: Questioning violence: problems with measuring effects -- Women's magazines: Manufacturing a gendered space: questions of guilt and pleasure -- Popular music: questioning the popular, questioning control, questioning the global -- Approaches to film: The Missing British film industry: audiences, gazing and meanings -- The Media and new technology: The Effects and implications of technologies for the media and their consumption -- Advertising: Its relationship with the media audience: the consequences for society and culture -- Television soaps: The Question of the gendered audience: the nature of soap operas: the effects of soaps on TV drama -- News: Different kinds of news: constructing the world -- Sport and presentation: Media making meanings about sport: sport making meanings about ideology, race and gender -- Globalization and the media: Questions of power and of cultural exchange. |
| 650 ## - SUBJECT ADDED ENTRY--TOPICAL TERM | |
| Topical term or geographic name entry element | Mass media |
| 650 ## - SUBJECT ADDED ENTRY--TOPICAL TERM | |
| Topical term or geographic name entry element | Social aspects |
| 942 ## - ADDED ENTRY ELEMENTS (KOHA) | |
| Source of classification or shelving scheme | Library of Congress Classification |
| Koha item type | Books |
| Withdrawn status | Lost status | Source of classification or shelving scheme | Damaged status | Not for loan | Home library | Current library | Shelving location | Date acquired | Total Checkouts | Full call number | Barcode | Date last seen | Price effective from | Koha item type |
|---|---|---|---|---|---|---|---|---|---|---|---|---|---|---|
| Library of Congress Classification | WISCONSIN INTERNATIONAL UNIVERSITY COLLEGE, GHANA - MAIN LIBRARY | WISCONSIN INTERNATIONAL UNIVERSITY COLLEGE, GHANA - MAIN LIBRARY | Reference | 22/11/2012 | HM1206.B87 | 6735/12 | 22/11/2012 | 22/11/2012 | Books |
